| 000 | 00547nam a22002057a 4500 | ||
|---|---|---|---|
| 008 | 150624b xxu||||| |||| 00| 0 eng d | ||
| 020 | _a9780071271257 | ||
| 041 | 0 | _aeng | |
| 080 | _a33 | ||
| 100 | _aGhillyer, Andrew W.; | ||
| 245 |
_aBusiness Ethics : _cAndrew W. Ghillyer; |
||
| 250 | _a2nd Edition | ||
| 260 |
_aUSA: _bMcGraw-Hill; _c2010 |
||
| 300 |
_a359 f.: _bme il.; _c25 cm. |
||
| 500 | _aPreface: f.vii-xiv | ||
| 505 | _aIndex: f. 351 - 359 | ||
| 650 | 0 | _aOrganizimi | |
| 650 | 0 | _aEtika | |
| 942 |
_2udc _cBK |
||
| 999 |
_c1071 _d1071 |
||